LIBRARY & INFORMATION CENTRE, KCAET, TAVANUR

ONLINE PUBLIC ACCESS CATALOGUE (OPAC)

Communication skills for engineers / (Record no. 13383)

MARC details
000 -LEADER
fixed length control field 00409cam a2200157ua 4500
041 ## - LANGUAGE CODE
Language code of text/sound track or separate title eng
082 ## - DEWEY DECIMAL CLASSIFICATION NUMBER
Classification number 372.66
Item number MIS/CO
100 ## - MAIN ENTRY--AUTHOR NAME
Personal name Mishra, Sunitha .
245 ## - TITLE STATEMENT
Title Communication skills for engineers /
260 ## - PUBLICATION, DISTRIBUTION, ETC. (IMPRINT)
Place of publication :
Name of publisher Pearson Education Asia ,
Year of publication 2007.
300 ## - PHYSICAL DESCRIPTION
Number of Pages 252 ; .
700 1# - ADDED ENTRY--PERSONAL NAME
Personal name Muralikrishna, C .
942 ## - ADDED ENTRY ELEMENTS (KOHA)
Koha item type Books
Holdings
Withdrawn status Lost status Damaged status Home library Current library Date acquired Full call number Accession Number Koha item type
      KAUAET KAUAET 07/04/2012 372.66 21763 Books
free website counter